Educando en familia: comunicación y relaciones familiares, la crianza de los hijos, preparando a los hijos para la escuela, desarrollo afectivo y sexual de los niños
Saved in:
| Corporate Authors: | , , |
|---|---|
| Format: | Bog |
| Sprog: | spansk |
| Udgivet: |
Santiago
Ministerio de Educación
2000
|
| Fag: | |
| Tags: |
Tilføj Tag
Ingen Tags, Vær først til at tagge denne postø!
|
MARC
| LEADER | 00000nam a2200000 a 4500 | ||
|---|---|---|---|
| 001 | UCI0590 | ||
| 003 | CL-VaPUC | ||
| 008 | 070518e20000000CL |||||||||||||||||spa|d | ||
| 082 | 0 | 4 | |a 371.192 |b MIN |2 21 |
| 110 | 2 | |a Ministerio de Educación |e author |9 520713 | |
| 710 | 2 | |a Cide |e author |9 520714 | |
| 710 | 2 | |a Integra |e author |9 520715 | |
| 245 | 1 | 0 | |a Educando en familia: comunicación y relaciones familiares, la crianza de los hijos, preparando a los hijos para la escuela, desarrollo afectivo y sexual de los niños |
| 300 | |a 126 p | ||
| 942 | |c BK | ||
| 945 | |d 20070518 00:00:00 |a cmena | ||
| 260 | |a Santiago |b Ministerio de Educación |c 2000 | ||
| 650 | 7 | |a RELACION PADRES ESCUELA |2 CL-VaPUC |9 476651 | |
| 650 | 0 | |a Familias |9 255641 | |
| 650 | 7 | |a ROL DE LOS PADRES |2 CL-VaPUC |9 338980 | |
| 650 | 7 | |a RELACIONES FAMILIARES |2 CL-VaPUC |9 333100 | |
| 650 | 0 | |a Métodos de enseñanza |9 270413 | |
| 650 | 0 | |a Desarrollo afectivo |9 334359 | |
| 650 | 0 | |a Niños |9 255605 | |
| 650 | 0 | |a Desarrollo sexual |9 498161 | |
| 583 | |a last modification |c 20140403 09:43:09 |k Rodrigo Vera | ||
| 999 | |c 325668 |d 325666 | ||
| 952 | |0 0 |1 0 |4 0 |6 371_192000000000000_MIN_2000 |7 0 |8 A |9 406906 |a BIBEDU |b BIBEDU |d 2019-11-22 |i 4257782 |o 371.192 MIN 2000 |p 4257782 |r 2019-11-22 |w 2019-11-22 |y BK |k PAR | ||